[Event "2017CICC"]
[Site "Calgary Alberta"]
[Date "2017.08.04"]
[Round "4.6"]
[White "Malek, Omid"]
[Black "Foisor, Sabina-Francesca"]
[Result "0-1"]
[WhiteElo "2090"]
[BlackElo "2358"]
[PlyCount "76"]
[EventDate "2017.08.??"]
[SourceDate "2017.09.01"]

1. d4 d5 2. Bf4 Nf6 3. e3 e6 4. Nd2 Bd6 5. Bg3 O-O 6. Ngf3 b6 7. Ne5 c5 8. c3
Bb7 9. Be2 Nc6 10. Nxc6 Bxc6 11. Bxd6 Qxd6 12. f4 c4 13. g4 b5 14. h4 a5 15. g5
Nd7 16. Nf3 f6 17. gxf6 gxf6 18. Qc2 Rf7 19. h5 b4 20. Kf2 Kf8 21. h6 Ke7 22.
Rhg1 Nf8 23. Nh4 Kd8 24. Rg7 Raa7 25. Rag1 bxc3 26. Qxc3 Be8 27. Bh5 Rfb7 28.
Bxe8 Kxe8 29. a3 Qb6 30. Rxb7 Rxb7 31. Rb1 Qb3 32. Qxa5 c3 33. Rc1 Qxb2+ 34.
Kf3 Qxc1 35. Qa8+ Ke7 36. Qxb7+ Nd7 37. Qb4+ Ke8 38. Kg2 Qb2+ 0-1

[Event "2017CICC"]
[Site "Calgary Alberta"]
[Date "2017.08.04"]
[Round "4.8"]
[White "Gold, Itohan"]
[Black "Zhang, Yuanchen"]
[Result "0-1"]
[WhiteElo "1988"]
[BlackElo "2272"]
[PlyCount "86"]
[EventDate "2017.08.??"]
[SourceDate "2017.09.01"]

1. e4 e5 2. Nf3 Nc6 3. d4 exd4 4. Nxd4 Nf6 5. Nxc6 bxc6 6. e5 Qe7 7. Qe2 Nd5 8.
c4 Nb6 9. b3 a5 10. a4 Qe6 11. g3 Bb4+ 12. Bd2 O-O 13. Bxb4 axb4 14. Bg2 Re8
15. f4 d5 16. Nd2 dxc4 17. Nxc4 Ba6 18. Rc1 Bxc4 19. bxc4 Nxa4 20. O-O Nc3 21.
Qf3 Qxc4 22. Qxc6 Qxc6 23. Bxc6 Ne2+ 24. Kh1 Nxc1 25. Rxc1 Kf8 26. Bxe8 Kxe8
27. Rxc7 Rb8 28. Rc2 b3 29. Rb2 Kd7 30. Kg2 Kc6 31. Kf3 Kd5 32. Ke3 Kc4 33. Ke4
Kc3 34. Rb1 Kc2 35. Ra1 b2 36. Ra2 Kb3 37. Rxb2+ Kxb2 38. f5 Rd8 39. e6 f6 40.
g4 Kc3 41. h4 Kc4 42. g5 Kc5 43. h5 h6 0-1

[Event "2017CICC"]
[Site "Calgary Alberta"]
[Date "2017.08.04"]
[Round "4.10"]
[White "Booker, Brad"]
[Black "Zhao, Ian"]
[Result "1-0"]
[WhiteElo "2114"]
[BlackElo "1844"]
[PlyCount "82"]
[EventDate "2017.08.??"]
[SourceDate "2017.09.01"]

1. e4 e5 2. Nf3 Nc6 3. Bb5 a6 4. Ba4 Nf6 5. O-O Be7 6. Re1 b5 7. Bb3 d6 8. c3
O-O 9. d3 Na5 10. Bc2 c5 11. Nbd2 Re8 12. Nf1 Bf8 13. Bg5 h6 14. Bh4 Bd7 15.
Ne3 g6 16. Qd2 Kh7 17. a4 Bg7 18. Nd5 Be6 19. axb5 Bxd5 20. exd5 axb5 21. b4
Nb7 22. Bb3 Qc7 23. Rab1 Nh5 24. Rec1 c4 25. dxc4 bxc4 26. Bc2 Ra2 27. Bxg6+
fxg6 28. Qxa2 Nf4 29. Bg3 Nd3 30. Rc2 Rc8 31. Nd2 Qf7 32. Nxc4 Qxd5 33. Na5
Qxa2 34. Rxa2 Rc7 35. c4 Bf8 36. Nxb7 Rxb7 37. b5 Nc5 38. b6 Kg8 39. Ra7 Be7
40. Rxb7 Nxb7 41. Ra1 Bd8 1-0

[Event "2017CICC"]
[Site "Calgary Alberta"]
[Date "2017.08.04"]
[Round "4.11"]
[White "Ebrahim-Shirazi, Behrooz"]
[Black "Chandra, Anand"]
[Result "0-1"]
[WhiteElo "2037"]
[BlackElo "1682"]
[PlyCount "72"]
[EventDate "2017.08.??"]
[SourceDate "2017.09.01"]

1. d4 Nf6 2. c4 g6 3. Nc3 d5 4. Nf3 Bg7 5. Bg5 c6 6. e3 h6 7. Bh4 e6 8. Bd3
Nbd7 9. O-O O-O 10. h3 Re8 11. e4 dxe4 12. Nxe4 e5 13. d5 cxd5 14. cxd5 g5 15.
Bg3 Nxe4 16. Bxe4 Nc5 17. Qc2 Nxe4 18. Qxe4 f5 19. Qc4 f4 20. Bh2 e4 21. Nd2
Bf5 22. Rfe1 Rc8 23. Qb3 Qa5 24. Rad1 e3 25. fxe3 Bc2 26. Qxb7 Bxd1 27. Rxd1
fxe3 28. Nf3 e2 29. Re1 Qc5+ 30. Kh1 Re7 31. Qb3 Qe3 32. d6+ Qxb3 33. axb3 Re6
34. Kg1 Kf7 35. Kf2 Rc2 36. g4 Bxb2 0-1

[Event "2017CICC"]
[Site "Calgary Alberta"]
[Date "2017.08.04"]
[Round "4.12"]
[White "Kostadinov, Georgi"]
[Black "Gashgarian, Rob"]
[Result "1-0"]
[WhiteElo "1997"]
[BlackElo "1679"]
[PlyCount "59"]
[EventDate "2017.08.??"]
[SourceDate "2017.09.01"]

1. d4 Nf6 2. c4 d6 3. Nc3 Bf5 4. f3 Bg6 5. e4 Nbd7 6. Be3 e5 7. d5 Be7 8. Qd2
h6 9. Bd3 Nc5 10. Bc2 a5 11. Nge2 Nfd7 12. O-O O-O 13. g4 Bg5 14. Bxg5 hxg5 15.
Nd1 f6 16. Ne3 Kf7 17. b3 Rh8 18. Rab1 Rh3 19. a3 b6 20. b4 axb4 21. axb4 Nb7
22. Ng3 Rh8 23. Bb3 Nf8 24. Ra1 Bh7 25. Ba4 Ng6 26. Bc6 Rb8 27. Ra7 Qc8 28. Qa2
Nf4 29. Qa4 Rd8 30. Qa6 1-0

[Event "2017CICC"]
[Site "Calgary Alberta"]
[Date "2017.08.04"]
[Round "4.13"]
[White "Willis, Brad"]
[Black "Timmerman, Brian"]
[Result "1/2-1/2"]
[WhiteElo "1991"]
[BlackElo "1615"]
[PlyCount "99"]
[EventDate "2017.08.??"]
[SourceDate "2017.09.01"]

1. d4 Nf6 2. c4 g6 3. Nc3 Bg7 4. e4 d6 5. f4 c5 6. d5 O-O 7. Nf3 e6 8. Bd3 exd5
9. cxd5 Nbd7 10. O-O Re8 11. a4 a6 12. h3 c4 13. Bc2 Nc5 14. e5 Nfd7 15. exd6
Qb6 16. Kh1 Qxd6 17. f5 Nf6 18. fxg6 hxg6 19. Ng5 Nd3 20. Bxd3 cxd3 21. Bf4 Qb4
22. Qxd3 Qxb2 23. Ra2 Qb4 24. Raf2 Bf5 25. Qf3 Rac8 26. Bd2 Qb6 27. g4 Rxc3 28.
Bxc3 Ne4 29. gxf5 Nxf2+ 30. Rxf2 Bxc3 31. fxg6 Re1+ 32. Kg2 Qxg6 33. Qxc3 Qxg5+
34. Qg3 Rg1+ 35. Kxg1 Qxg3+ 36. Rg2 Qxg2+ 37. Kxg2 b5 38. axb5 axb5 39. Kf3 f5
40. h4 b4 41. h5 b3 42. d6 Kf7 43. d7 Ke7 44. h6 b2 45. h7 b1=Q 46. d8=Q+ Kxd8
47. h8=Q+ Ke7 48. Qg7+ Kd6 49. Qf6+ Kc5 50. Qe5+ 1/2-1/2

[Event "2017CICC"]
[Site "Calgary Alberta"]
[Date "2017.08.04"]
[Round "4.15"]
[White "Sharma, Vishruth"]
[Black "Perron, Sean"]
[Result "1-0"]
[WhiteElo "2454"]
[BlackElo "2080"]
[PlyCount "65"]
[EventDate "2017.08.??"]
[SourceDate "2017.09.01"]

1. e4 e6 2. d4 d5 3. e5 c5 4. c3 Nc6 5. Nf3 Bd7 6. Bd3 cxd4 7. cxd4 Qb6 8. Bc2
Nb4 9. O-O Nxc2 10. Qxc2 Rc8 11. Nc3 Ne7 12. Bf4 Ng6 13. Be3 Be7 14. g3 O-O 15.
h4 f6 16. h5 Nh8 17. Rad1 Nf7 18. g4 Qc7 19. exf6 gxf6 20. Qd2 Kh8 21. Bf4 Bd6
22. Bxd6 Nxd6 23. Qh6 Qd8 24. Rfe1 Rg8 25. Qf4 e5 26. Nxe5 Be8 27. Nxd5 f5 28.
Ne7 Bxh5 29. Nxg8 Qxg8 30. Kh2 fxg4 31. Qf6+ Qg7 32. Qxd6 g3+ 33. fxg3 1-0

[Event "2017CICC"]
[Site "Calgary Alberta"]
[Date "2017.08.04"]
[Round "4.16"]
[White "Daniluk, Jim"]
[Black "Dave, Bhavik"]
[Result "1-0"]
[WhiteElo "1909"]
[BlackElo "1771"]
[PlyCount "139"]
[EventDate "2017.08.??"]
[SourceDate "2017.09.01"]

1. d4 Nf6 2. Nf3 d5 3. c4 c6 4. Nc3 e6 5. g3 Be7 6. Bg2 O-O 7. O-O Nbd7 8. Qc2
h6 9. e4 dxe4 10. Nxe4 Nxe4 11. Qxe4 Nf6 12. Qc2 Qc7 13. a3 Rd8 14. Re1 b6 15.
Ne5 Bb7 16. Be3 Rac8 17. Qe2 c5 18. Bxb7 Qxb7 19. dxc5 Bxc5 20. Bxc5 Rxc5 21.
Rad1 Rcc8 22. b3 Nd7 23. Nxf7 Kxf7 24. Qxe6+ Kf8 25. Qd6+ Kg8 26. Re7 Qf3 27.
Rxd7 Rxd7 28. Qxd7 Rf8 29. Qd5+ Rf7 30. Qxf3 Rxf3 31. Rb1 Kf7 32. Kf1 Kf6 33.
Ke2 Rc3 34. Rb2 h5 35. Kd2 Rf3 36. Ke2 Rc3 37. f3 Ke5 38. h4 g5 39. hxg5 Kf5
40. b4 Rxa3 41. Rc2 a5 42. bxa5 Rxa5 43. Rb2 Kxg5 44. Rb5+ Kf6 45. Rxb6+ Kg7
46. Rb3 Kf6 47. Ke3 Rg5 48. Kf4 Rc5 49. Rc3 Rf5+ 50. Ke4 Re5+ 51. Kd4 Rg5 52.
f4 Rg4 53. Ke4 h4 54. gxh4 Rxh4 55. c5 Ke7 56. c6 Kd8 57. c7+ Kc8 58. Kf5 Rh1
59. Kf6 Rh6+ 60. Kg7 Rh5 61. Kg6 Rh1 62. Rc5 Rg1+ 63. Kf7 Rh1 64. f5 Rh7+ 65.
Kg6 Rh1 66. f6 Rg1+ 67. Rg5 Rc1 68. f7 Rc6+ 69. Kg7 Rxc7 70. Kg8 1-0

[Event "2017CICC"]
[Site "Calgary Alberta"]
[Date "2017.08.05"]
[Round "5.1"]
[White "Sambuev, Bator"]
[Black "Mikhalevski, Victor"]
[Result "1-0"]
[WhiteElo "2522"]
[BlackElo "2533"]
[PlyCount "133"]
[EventDate "2017.08.??"]
[SourceDate "2017.09.01"]

1. e4 c5 2. Ne2 d6 3. g3 h5 4. h3 d5 5. d3 dxe4 6. dxe4 Qxd1+ 7. Kxd1 Nc6 8.
Nf4 Bd7 9. Be3 O-O-O 10. Kc1 Nf6 11. Nd2 Nd4 12. Nd3 Bc6 13. Ne5 Be8 14. c3 Nc6
15. Nec4 e5 16. a4 h4 17. g4 Be7 18. a5 Kc7 19. Kc2 Bd7 20. Be2 Be6 21. f3 Nd7
22. f4 exf4 23. Bxf4+ Kc8 24. Nf3 Nf8 25. Ne3 Ng6 26. Bh2 Bd6 27. Nf5 Bxh2 28.
Rxh2 Bxf5 29. exf5 Nge5 30. a6 b6 31. Ng5 c4 32. Bf1 Rd7 33. Re2 Nd3 34. Re4 b5
35. Bxd3 cxd3+ 36. Kd2 Kc7 37. Nf3 Rd5 38. Rae1 f6 39. Re8 Rxe8 40. Rxe8 Kb6
41. Re6 Kc7 42. b4 Rd8 43. Re3 Rb8 44. Kxd3 Rb6 45. Re6 Rxa6 46. Nd4 Ne5+ 47.
Ke4 Ra1 48. Kd5 Kd7 49. g5 Nc4 50. gxf6 gxf6 51. Kc5 Rh1 52. Rxf6 Rxh3 53. Nxb5
Ne3 54. Rf7+ Kd8 55. c4 Rf3 56. Nd6 Ng4 57. Rg7 Rg3 58. Ne4 Rg2 59. Kd6 Ne3 60.
Rxg2 Nxg2 61. f6 Nf4 62. f7 Ng6 63. Ng5 Kc8 64. Nh3 Kb7 65. Nf4 Nf8 66. Ke7 Nh7
67. Nh3 1-0

[Event "2017CICC"]
[Site "Calgary Alberta"]
[Date "2017.08.05"]
[Round "5.3"]
[White "Gareyev, Timur"]
[Black "Zhang, Yuanchen"]
[Result "1-0"]
[WhiteElo "2620"]
[BlackElo "2272"]
[PlyCount "87"]
[EventDate "2017.08.??"]
[SourceDate "2017.09.01"]

1. d4 Nf6 2. c4 e6 3. Nc3 Bb4 4. e3 O-O 5. Bd3 d5 6. Nge2 dxc4 7. Bxc4 c5 8. a3
Bxc3+ 9. Nxc3 cxd4 10. exd4 Nc6 11. Be3 b6 12. O-O Bb7 13. Ba2 Ne7 14. Rc1 Nf5
15. Bb1 Nd5 16. Qg4 Nfxe3 17. fxe3 f5 18. Qg3 Rf6 19. Qe5 Rg6 20. Rf2 Rc8 21.
Ba2 Qg5 22. Rcc2 Rd8 23. Nxd5 Bxd5 24. Bxd5 Rxd5 25. Rc8+ Rd8 26. Qc7 Rxc8 27.
Qxc8+ Kf7 28. Qc7+ Qe7 29. Rc2 Qxc7 30. Rxc7+ Kf6 31. Rxa7 Rg4 32. g3 e5 33.
Ra4 Ke6 34. Rb4 exd4 35. Rxb6+ Kd5 36. Rb5+ Ke6 37. Rb4 Re4 38. exd4 Re2 39. a4
Rc2 40. a5 Kd5 41. a6 Ke4 42. a7 Rc1+ 43. Kf2 Ra1 44. Rb7 1-0

[Event "2017CICC"]
[Site "Calgary Alberta"]
[Date "2017.08.05"]
[Round "5.5"]
[White "Moradiabadi, Elshan"]
[Black "Niemann, Hans Moke"]
[Result "1-0"]
[WhiteElo "2530"]
[BlackElo "2254"]
[PlyCount "133"]
[EventDate "2017.08.??"]
[SourceDate "2017.09.01"]

1. Nf3 c5 2. c4 Nc6 3. Nc3 e5 4. e3 f5 5. d3 Nf6 6. g3 g6 7. Bg2 Bg7 8. O-O O-O
9. a3 a5 10. Rb1 d6 11. b3 Ne8 12. Nd5 Nf6 13. Nd2 Be6 14. Bb2 Rb8 15. Qc2 Qd7
16. f4 exf4 17. Bxf6 Bxf6 18. gxf4 Rbe8 19. Rbe1 Bh4 20. Re2 Qg7 21. Nb1 g5 22.
Nbc3 g4 23. Nb5 Rd8 24. Rd1 g3 25. h3 Bf7 26. Bf3 Rfe8 27. Nbc7 Rf8 28. Qb2 Qh6
29. Rg2 Qg7 30. Qxg7+ Kxg7 31. Re2 Rd7 32. Kg2 h5 33. Nb5 Bxd5 34. Bxd5 Ne7 35.
Bf3 Kh6 36. d4 cxd4 37. Rxd4 Rfd8 38. Red2 Nc8 39. Rd5 Kg6 40. Nd4 Ne7 41. Rxa5
Kf6 42. Bd5 Ng6 43. Be6 Re7 44. Rxf5+ Kg7 45. Rxh5 Kf6 46. f5 Bg5 47. Rxg5 Nh4+
48. Kxg3 Kxg5 49. Rf2 Kf6 50. Rf4 Rg7+ 51. Rg4 Rh8 52. Bd5 Rg5 53. Rxg5 Kxg5
54. Bxb7 Nxf5+ 55. Nxf5 Kxf5 56. b4 Rg8+ 57. Kf2 Rh8 58. b5 Rh4 59. Bd5 Rxh3
60. a4 Rh2+ 61. Bg2 Rh4 62. b6 Rxc4 63. b7 Rb4 64. a5 Rb2+ 65. Kg3 Ke5 66. a6
d5 67. a7 1-0

[Event "2017CICC"]
[Site "Calgary Alberta"]
[Date "2017.08.05"]
[Round "5.6"]
[White "Shi, Diwen"]
[Black "Yoo, Christopher"]
[Result "1-0"]
[WhiteElo "2261"]
[BlackElo "2242"]
[PlyCount "95"]
[EventDate "2017.08.??"]
[SourceDate "2017.09.01"]

1. e4 c5 2. Nf3 d6 3. d4 cxd4 4. Nxd4 Nf6 5. Nc3 a6 6. Be2 e5 7. Nb3 Be7 8. g4
h6 9. Be3 Be6 10. h3 Nbd7 11. f4 exf4 12. Bxf4 Rc8 13. Qd4 Ne5 14. O-O-O Qc7
15. Kb1 Nfd7 16. Rd2 Nb6 17. Rhd1 O-O 18. Qf2 Nbc4 19. Bxc4 Nxc4 20. Rd3 Bf6
21. Qg3 Rfd8 22. g5 hxg5 23. Bxg5 Qe7 24. h4 Ne5 25. Nd5 Bxd5 26. Rxd5 Bxg5 27.
hxg5 g6 28. Qh4 Qf8 29. Nd4 Rc5 30. Ne2 Rxd5 31. exd5 Qg7 32. Ng3 Qh8 33. Qf4
Nd7 34. Rf1 Rf8 35. Qxd6 Qe5 36. Qxd7 Qxg3 37. Qxb7 Qxg5 38. d6 Qb5 39. Qf3 Qe5
40. d7 Qe7 41. Rd1 Rd8 42. Qc3 f6 43. Qd3 Kg7 44. c4 Qe6 45. c5 Kf8 46. Qd5 Qe2
47. c6 Qh2 48. Qd6+ 1-0

[Event "2017CICC"]
[Site "Calgary Alberta"]
[Date "2017.08.05"]
[Round "5.7"]
[White "Becerra, Julio"]
[Black "Matras-Clement, Agnieszka"]
[Result "1-0"]
[WhiteElo "2539"]
[BlackElo "2230"]
[PlyCount "83"]
[EventDate "2017.08.??"]
[SourceDate "2017.09.01"]

1. e4 e5 2. Nf3 Nc6 3. Bb5 a6 4. Ba4 Nf6 5. O-O Be7 6. Re1 b5 7. Bb3 d6 8. c3
O-O 9. d4 Bg4 10. d5 Na5 11. Bc2 c6 12. h3 Bc8 13. dxc6 Qc7 14. Nbd2 Qxc6 15.
Nf1 Be6 16. Ng3 Rfc8 17. Ng5 Nc4 18. Nxe6 fxe6 19. Bd3 Rf8 20. a4 Rab8 21. axb5
axb5 22. b3 Nb6 23. Bd2 Nbd7 24. b4 Bd8 25. Qe2 Rf7 26. c4 bxc4 27. Bxc4 Nf8
28. Ra6 Bb6 29. Be3 Rfb7 30. b5 Qd7 31. Rd1 Ne8 32. Bxb6 Rxb6 33. Qa2 Kh8 34.
Rxb6 Rxb6 35. Qa8 Rb7 36. Bf1 d5 37. Qa6 d4 38. Bd3 Nd6 39. Nf1 Ne8 40. g3 Qf7
41. Nd2 Nf6 42. Nc4 1-0

[Event "2017CICC"]
[Site "Calgary Alberta"]
[Date "2017.08.04"]
[Round "5.8"]
[White "Kostadinov, Georgi"]
[Black "Haessel, Dale"]
[Result "1/2-1/2"]
[WhiteElo "1997"]
[BlackElo "2205"]
[PlyCount "139"]
[EventDate "2017.08.??"]
[SourceDate "2017.09.01"]

1. d4 Nf6 2. c4 g6 3. Nc3 d5 4. cxd5 Nxd5 5. e4 Nxc3 6. bxc3 Bg7 7. Qa4+ Nd7 8.
Nf3 O-O 9. Qa3 c5 10. Be2 b6 11. O-O Bb7 12. e5 e6 13. Rd1 Qc7 14. Be3 Rac8 15.
Rac1 f6 16. dxc5 Nxc5 17. Rd6 fxe5 18. Rcd1 Bd5 19. Bxc5 Qxc5 20. Qxc5 Rxc5 21.
c4 Bxc4 22. Bxc4 Rxc4 23. Ng5 Rc2 24. f3 Rfc8 25. Rd8+ Bf8 26. Nxe6 Kf7 27.
Nxf8 Rxd8 28. Rxd8 h6 29. Ra8 Rxa2 30. Nd7 Ra5 31. Nb8 Ke6 32. Nc6 Rc5 33. Nb4
a5 34. Nd3 Rc3 35. Ne1 Kd5 36. h4 Kc4 37. Kf2 Kb3 38. Ke2 a4 39. Kd2 Rc6 40.
Nd3 Rd6 41. Ke3 a3 42. g4 b5 43. Nxe5 b4 44. f4 Rd1 45. Nd3 a2 46. Nxb4 a1=Q
47. Rxa1 Rxa1 48. Nd5 Rh1 49. f5 gxf5 50. gxf5 Kc4 51. Nf4 Kc5 52. Kf3 Kd6 53.
Kg4 Ke5 54. Ng6+ Kf6 55. Kh5 Kg7 56. f6+ Kxf6 57. Kxh6 Rg1 58. h5 Rh1 59. Nf8
Kf5 60. Ng6 Kg4 61. Ne5+ Kf4 62. Ng6+ Kf5 63. Ne7+ Kg4 64. Kg6 Rxh5 65. Kf6 Rh8
66. Ke6 Kf4 67. Nd5+ Ke4 68. Nf6+ Kd4 69. Nd7 Rh5 70. Nf6 1/2-1/2

[Event "2017CICC"]
[Site "Calgary Alberta"]
[Date "2017.08.05"]
[Round "5.9"]
[White "Gold, Itohan"]
[Black "Booker, Brad"]
[Result "1-0"]
[WhiteElo "1988"]
[BlackElo "2114"]
[PlyCount "89"]
[EventDate "2017.08.??"]
[SourceDate "2017.09.01"]

1. e4 c6 2. d4 d5 3. Nc3 dxe4 4. Nxe4 Nf6 5. Nxf6+ exf6 6. Nf3 Bd6 7. Be2 O-O
8. O-O Bg4 9. h3 Bh5 10. c4 Re8 11. Re1 Nd7 12. a3 Nf8 13. Nh4 Bg6 14. f4 Be4
15. Nf3 Bc7 16. Be3 Qd7 17. Bd3 Ng6 18. Bxe4 Rxe4 19. Qd3 f5 20. g3 Rae8 21.
Kf2 Bb6 22. b4 f6 23. Rad1 h5 24. c5 Bc7 25. Nd2 R4e7 26. h4 Nh8 27. d5 cxd5
28. Nf3 Rd8 29. Bd4 Re4 30. Nd2 Rxe1 31. Rxe1 Kh7 32. Nb3 Nf7 33. Bb2 Nh6 34.
Nd4 g6 35. Ne6 Ng4+ 36. Kf1 Rc8 37. Qd4 Qb5+ 38. Kg2 Qc6 39. Ng5+ Kg8 40. Re6
Qd7 41. Rxf6 Nxf6 42. Qxf6 d4 43. Qxg6+ Kf8 44. Nh7+ Ke7 45. Qf6+ 1-0

[Event "2017CICC"]
[Site "Calgary Alberta"]
[Date "2017.08.05"]
[Round "5.10"]
[White "Chandra, Anand"]
[Black "Malek, Omid"]
[Result "0-1"]
[WhiteElo "1682"]
[BlackElo "2090"]
[PlyCount "68"]
[EventDate "2017.08.??"]
[SourceDate "2017.09.01"]

1. e4 e6 2. d4 d5 3. Nd2 Nc6 4. Ngf3 Nf6 5. e5 Nd7 6. c3 f6 7. exf6 Qxf6 8. Be2
Bd6 9. Qc2 e5 10. dxe5 Ndxe5 11. Nxe5 Nxe5 12. Nb3 O-O 13. Be3 Bf5 14. Qd2 c6
15. O-O-O a5 16. Nd4 Bd7 17. h3 b5 18. g4 Nc4 19. Bxc4 bxc4 20. g5 Qg6 21. Qc2
Qxc2+ 22. Kxc2 c5 23. Ne2 Bf5+ 24. Kd2 Rab8 25. Kc1 Bd3 26. Rd2 a4 27. a3 Rbc8
28. Kd1 Be5 29. Re1 g6 30. f4 Bg7 31. f5 Rxf5 32. Nf4 d4 33. cxd4 cxd4 34. Nxd3
dxe3 0-1

[Event "2017CICC"]
[Site "Calgary Alberta"]
[Date "2017.08.04"]
[Round "5.11"]
[White "Findlay, Ian"]
[Black "Garcia Franco, Juan Carlos"]
[Result "0-1"]
[WhiteElo "2226"]
[BlackElo "1842"]
[PlyCount "92"]
[EventDate "2017.08.??"]
[SourceDate "2017.09.01"]

1. Nf3 Nf6 2. c4 e6 3. g3 d5 4. b3 Be7 5. Bg2 O-O 6. O-O c5 7. e3 Nc6 8. Bb2 b6
9. a3 Bb7 10. d3 Qd7 11. Nbd2 Rfd8 12. Qe2 dxc4 13. dxc4 Qd3 14. Rfe1 Na5 15.
Qxd3 Rxd3 16. Bf1 Rdd8 17. Bc3 Nxb3 18. Ra2 Nxd2 19. Nxd2 Bd6 20. Bg2 Bxg2 21.
Kxg2 Bc7 22. Bxf6 gxf6 23. Rd1 Rd3 24. Kf3 Rad8 25. Ke2 f5 26. a4 Kg7 27. Rc1
Kf6 28. f4 Ke7 29. e4 fxe4 30. Nxe4 R3d4 31. Nd2 a5 32. Ra3 h5 33. Re3 Kf6 34.
Ne4+ Kg6 35. Kf3 R8d7 36. h3 Re7 37. Nf2 Red7 38. Ne4 Rd1 39. Rcc3 R7d4 40. g4
hxg4+ 41. hxg4 Rf1+ 42. Ke2 Rxf4 43. Nd2 Rxg4 44. Red3 Rg2+ 45. Kd1 Rgg4 46.
Kc2 f5 0-1

[Event "2017CICC"]
[Site "Calgary Alberta"]
[Date "2017.08.04"]
[Round "5.13"]
[White "Timmerman, Brian"]
[Black "Daniluk, Jim"]
[Result "0-1"]
[WhiteElo "1615"]
[BlackElo "1909"]
[PlyCount "78"]
[EventDate "2017.08.??"]
[SourceDate "2017.09.01"]

1. e4 c5 2. Nf3 Nc6 3. d4 cxd4 4. Nxd4 Nf6 5. Nc3 e5 6. Ndb5 d6 7. Bg5 a6 8.
Na3 b5 9. Nd5 Be7 10. Bxf6 Bxf6 11. c4 O-O 12. cxb5 Nd4 13. bxa6 Bxa6 14. Bxa6
Rxa6 15. Nc2 Nc6 16. O-O Bg5 17. Nce3 Qa5 18. Qd3 Qc5 19. a3 g6 20. Rfb1 Rfa8
21. g3 Ra4 22. Nc4 Rd8 23. b3 Ra6 24. h4 Bh6 25. b4 Qd4 26. Qxd4 Nxd4 27. b5
Ra4 28. Nce3 Nf3+ 29. Kg2 Nd2 30. Rb2 Nxe4 31. b6 Bxe3 32. fxe3 Nc5 33. Ne7+
Kf8 34. Nc6 Rc8 35. Rc1 Nb7 36. Rbc2 Ra6 37. Nb8 Rxb8 38. Rc8+ Rxc8 39. Rxc8+
Kg7 0-1

[Event "2017CICC"]
[Site "Calgary Alberta"]
[Date "2017.08.05"]
[Round "5.14"]
[White "Zhao, Ian"]
[Black "Sharma, Vishruth"]
[Result "1-0"]
[WhiteElo "1844"]
[BlackElo "1454"]
[PlyCount "67"]
[EventDate "2017.08.??"]
[SourceDate "2017.09.01"]

1. e4 e5 2. Nf3 Nc6 3. Bc4 Bc5 4. c3 Nf6 5. d3 O-O 6. O-O d6 7. Nbd2 Bg4 8. h3
Bh5 9. Re1 Re8 10. Nf1 h6 11. Ng3 Bg6 12. a4 a5 13. Qb3 Qd7 14. Be3 Rad8 15.
Bxc5 dxc5 16. Nh4 Kh7 17. Qd1 Ne7 18. Qb3 Nc6 19. Nxg6 fxg6 20. Re3 Rf8 21.
Rae1 Qd6 22. R1e2 Ne7 23. Nf1 Nd7 24. Qc2 Nb6 25. Bb3 c6 26. Nd2 Qc7 27. Nf3 g5
28. Rd2 Rf6 29. Qd1 Ng6 30. g3 Rfd6 31. Ree2 Qd7 32. Kg2 Rxd3 33. Rxd3 Qxd3 34.
Rd2 1-0

[Event "2017CICC"]
[Site "Calgary Alberta"]
[Date "2017.08.05"]
[Round "5.15"]
[White "Sklenka, Steve"]
[Black "Ebrahim-Shirazi, Behrooz"]
[Result "0-1"]
[WhiteElo "1533"]
[BlackElo "2037"]
[PlyCount "62"]
[EventDate "2017.08.??"]
[SourceDate "2017.09.01"]

1. c4 e5 2. Nc3 Nf6 3. d3 h6 4. Nf3 Nc6 5. g3 Bc5 6. Bg2 d6 7. O-O a5 8. Bd2
O-O 9. a3 Be6 10. Na4 Ba7 11. b4 e4 12. Ne1 axb4 13. axb4 Ne5 14. h3 Qd7 15.
Kh2 Bf5 16. g4 Bd4 17. Nc3 Rxa1 18. Qxa1 Bxg4 19. f4 exf3 20. exf3 Bf5 21. Qb1
Nxc4 22. Qc1 Nxd2 23. Qxd2 d5 24. Nc2 Bb6 25. f4 Re8 26. d4 Bxc2 27. Qxc2 Bxd4
28. Rd1 Bxc3 29. Qxc3 Qd6 30. Kg1 c6 31. Qd2 Ne4 0-1

[Event "2017CICC"]
[Site "Calgary Alberta"]
[Date "2017.08.05"]
[Round "5.16"]
[White "Gashgarian, Rob"]
[Black "Perron, Sean"]
[Result "0-1"]
[WhiteElo "1679"]
[BlackElo "2080"]
[PlyCount "56"]
[EventDate "2017.08.??"]
[SourceDate "2017.09.01"]

1. d4 e6 2. c4 f5 3. g3 Nf6 4. Bg2 Be7 5. Nf3 O-O 6. O-O d6 7. b3 a5 8. Nc3 Ne4
9. Qd3 Nxc3 10. Qxc3 Nd7 11. h3 e5 12. dxe5 dxe5 13. e4 fxe4 14. Nd2 Bc5 15.
Bb2 Bd4 16. Qc2 Nc5 17. Rad1 Bf5 18. g4 Bg6 19. Nxe4 Rf4 20. Bxd4 exd4 21. f3
Bxe4 22. fxe4 Rxf1+ 23. Rxf1 Qe7 24. Qf2 Ne6 25. e5 c6 26. Be4 g6 27. Qd2 Qc5
28. Bd3 Qxe5 0-1

[Event "2017CICC"]
[Site "Calgary Alberta"]
[Date "2017.08.05"]
[Round "6.2"]
[White "Gareyev, Timur"]
[Black "Becerra, Julio"]
[Result "1/2-1/2"]
[WhiteElo "2620"]
[BlackElo "2539"]
[PlyCount "60"]
[EventDate "2017.08.??"]
[SourceDate "2017.09.01"]

1. d4 Nf6 2. Bg5 d5 3. Nd2 e6 4. e3 Be7 5. Bd3 b6 6. f4 Bb7 7. Ngf3 Nbd7 8. Ne5
O-O 9. O-O Ne4 10. Nxe4 dxe4 11. Bxe7 Qxe7 12. Bc4 f6 13. Nxd7 Qxd7 14. f5 Bd5
15. fxe6 Qxe6 16. Bb3 Bxb3 17. axb3 a5 18. Qe2 f5 19. Qc4 Qxc4 20. bxc4 g6 21.
Ra3 Rad8 22. g3 Rf6 23. c3 Rc6 24. b3 h5 25. h4 Kf7 26. Kf2 Kf6 27. Ke1 Rg8 28.
Ra2 Ke7 29. Kd1 Kd7 30. Kc1 Rf6 1/2-1/2

[Event "2017CICC"]
[Site "Calgary Alberta"]
[Date "2017.08.05"]
[Round "6.3"]
[White "Mikhalevski, Victor"]
[Black "Shi, Diwen"]
[Result "1-0"]
[WhiteElo "2533"]
[BlackElo "2261"]
[PlyCount "69"]
[EventDate "2017.08.??"]
[SourceDate "2017.09.01"]

1. c4 e5 2. g3 Nc6 3. Bg2 Nf6 4. Nc3 Bc5 5. e3 d6 6. a3 a6 7. b4 Ba7 8. Qc2 Be6
9. Nd5 Bxd5 10. cxd5 Ne7 11. Qb3 c6 12. dxc6 bxc6 13. Bb2 O-O 14. Ne2 Qd7 15.
O-O Ng6 16. f4 Rfe8 17. Rac1 e4 18. Qc2 Qg4 19. Nd4 c5 20. Nc6 cxb4 21. axb4
Qf5 22. Nxa7 Rxa7 23. Qc6 Raa8 24. Bxf6 Qxf6 25. Bxe4 Qb2 26. Bxg6 hxg6 27. Qd5
Qxb4 28. Rc7 Rf8 29. Rxf7 Rxf7 30. Qxa8+ Kh7 31. Qd5 Rf5 32. Qd3 a5 33. g4 Rb5
34. h4 Kh6 35. h5 1-0

[Event "2017CICC"]
[Site "Calgary Alberta"]
[Date "2017.08.05"]
[Round "6.6"]
[White "Zhang, Yuanchen"]
[Black "Malek, Omid"]
[Result "1/2-1/2"]
[WhiteElo "2272"]
[BlackElo "2090"]
[PlyCount "130"]
[EventDate "2017.08.??"]
[SourceDate "2017.09.01"]

1. e4 e6 2. d4 d5 3. Nc3 Nc6 4. Nf3 Nf6 5. Bg5 Be7 6. e5 Ne4 7. Bxe7 Qxe7 8.
Bd3 Qb4 9. O-O Nxc3 10. bxc3 Qxc3 11. Rb1 h6 12. Rb3 Qa5 13. h4 a6 14. g4 b5
15. Qc1 Bd7 16. c3 Qb6 17. Rb1 Na5 18. Qe3 Nc4 19. Bxc4 dxc4 20. Nd2 Bc6 21.
Nxc4 Qa7 22. Na5 Bd5 23. Nb3 c6 24. Nc5 Qe7 25. Qg3 Bxa2 26. Ra1 Bc4 27. Rfe1
a5 28. Ne4 O-O 29. g5 Kh7 30. Nf6+ gxf6 31. gxf6 Rg8 32. fxe7 Rxg3+ 33. fxg3 a4
34. Kf2 Re8 35. Re4 Rxe7 36. Rf4 Ra7 37. Ra3 Kg7 38. Ke3 Rd7 39. Kd2 c5 40. Kc2
Rc7 41. Ra1 cxd4 42. Rxd4 Rc5 43. Rg4+ Kf8 44. Re4 Bd5 45. Re3 Bc4 46. Kb2 Rd5
47. Ka3 Rd2 48. Kb4 Ke7 49. Re4 Rg2 50. g4 Rh2 51. h5 Rg2 52. Ra3 f6 53. exf6+
Kxf6 54. Rxa4 Rb2+ 55. Kc5 bxa4 56. Rxc4 a3 57. Ra4 a2 58. Kd4 Rg2 59. Ke3 Rg3+
60. Kf4 Rxc3 61. Rxa2 e5+ 62. Ke4 Rc4+ 63. Kf3 Rc3+ 64. Ke4 Rc4+ 65. Kf3 Rc3+
1/2-1/2

[Event "2017CICC"]
[Site "Calgary Alberta"]
[Date "2017.08.05"]
[Round "6.8"]
[White "Daniluk, Jim"]
[Black "Niemann, Hans Moke"]
[Result "0-1"]
[WhiteElo "1909"]
[BlackElo "2254"]
[PlyCount "94"]
[EventDate "2017.08.??"]
[SourceDate "2017.09.01"]

1. d4 Nf6 2. Nf3 c5 3. d5 e6 4. c4 exd5 5. cxd5 d6 6. Nc3 g6 7. e4 Bg7 8. Bb5+
Nbd7 9. a4 O-O 10. O-O a6 11. Bd3 Nh5 12. Re1 Ne5 13. Nxe5 Bxe5 14. g3 f5 15.
exf5 Bxf5 16. Bxf5 Rxf5 17. Be3 Rf7 18. Rb1 Qd7 19. Ne4 b5 20. Ng5 Re7 21. Ne6
Ng7 22. axb5 Nxe6 23. dxe6 Qxe6 24. Qf3 Rf8 25. Qc6 axb5 26. f4 Bf6 27. Bxc5
Qxe1+ 28. Rxe1 Rxe1+ 29. Kf2 Rfe8 30. Qd5+ R1e6 31. Bd4 Bxd4+ 32. Qxd4 h5 33.
Kg2 Kh7 34. b4 Re2+ 35. Kf3 Rxh2 36. f5 Rf8 37. f6 Rf7 38. Qxd6 g5 39. Qe5 Kg6
40. Qxb5 Rxf6+ 41. Ke3 Re6+ 42. Kd3 Rhe2 43. Qb8 Kf5 44. Qf8+ Kg4 45. Qc5 R6e5
46. Qc4+ Kxg3 47. b5 R5e3+ 0-1